Administration of East India Company in India (Record no. 4988)

MARC details
000 -LEADER
fixed length control field 00482cam a2200169ua 4500
001 - CONTROL NUMBER
control field 5839
005 - DATE AND TIME OF LATEST TRANSACTION
control field 20260515113937.0
008 - FIXED-LENGTH DATA ELEMENTS--GENERAL INFORMATION
fixed length control field 131024n ii |||gr||||Z||||||eng
040 ## - CATALOGING SOURCE
Transcribing agency MAIN
082 ## - DEWEY DECIMAL CLASSIFICATION NUMBER
Classification number 954.031
245 11 - TITLE STATEMENT
Title Administration of East India Company in India
Statement of responsibility, etc. By Farid Uddin Ahmed
260 ## - PUBLICATION, DISTRIBUTION, ETC.
Place of publication, distribution, etc. Guwahati:
Name of publisher, distributor, etc. Purbanchal Prakash,
Date of publication, distribution, etc. 2011.
653 ## - INDEX TERM--UNCONTROLLED
Uncontrolled term History
653 ## - INDEX TERM--UNCONTROLLED
Uncontrolled term Administration of East India Company in India
700 1# - ADDED ENTRY--PERSONAL NAME
Personal name Ahmed,Farid Uddin,
Relator term Author.
942 ## - ADDED ENTRY ELEMENTS (KOHA)
Koha item type Books
Holdings
Withdrawn status Lost status Damaged status Not for loan Home library Current library Shelving location Date acquired Total checkouts Full call number Barcode Date last seen Copy number Price effective from Koha item type
        Naharkatiya College Library Naharkatiya College Library General stacks 09/19/2020   954.031 | ADM 20779 09/19/2020 1 09/19/2020 Books